000
00270nam a2200109Ia 4500
001
1268543
005
20260417145252.0
008
260417s9999 xx 000 0 und d
020
_a
9786256910102
245
0
_a
Leonardo da Vinci
_c
Beliz Yüksel
260
_b
Ketebe Çocuk
999
_c
1268543
_d
1268543